Gozos y sufrimientos en la historia de México / (Record no. 73299)
[ view plain ]
| 000 -LEADER | |
|---|---|
| fixed length control field | 00795cam a2200205 4500 |
| 005 - DATE AND TIME OF LATEST TRANSACTION | |
| control field | 20170529141316.0 |
| 008 - FIXED-LENGTH DATA ELEMENTS--GENERAL INFORMATION | |
| fixed length control field | 081227s2007 mx 000 0 spa u |
| 020 ## - INTERNATIONAL STANDARD BOOK NUMBER | |
| International Standard Book Number | 9681212711 |
| 050 04 - LIBRARY OF CONGRESS CALL NUMBER | |
| Classification number | BF575 .H27 |
| Item number | G69 2007 |
| 245 00 - TITLE STATEMENT | |
| Title | Gozos y sufrimientos en la historia de México / |
| Statement of responsibility, etc | Pilar Gonzalbo Aizpuru, Verónica Zárate Toscano, coord. |
| 250 ## - EDITION STATEMENT | |
| Edition statement | 1a ed. |
| 260 ## - PUBLICATION, DISTRIBUTION, ETC. (IMPRINT) | |
| Place of publication, distribution, etc | México : |
| Name of publisher, distributor, etc | Colegio de México, |
| Date of publication, distribution, etc | 2007 |
| 300 ## - PHYSICAL DESCRIPTION | |
| Extent | 315 p. : |
| Other physical details | il. ; |
| Dimensions | 23 cm. |
| 650 #7 - SUBJECT ADDED ENTRY--TOPICAL TERM | |
| Source of heading or term | Librunam |
| Topical term or geographic name as entry element | Historia |
| General subdivision | Aspectos psicológicos |
| Geographic subdivision | México |
| 650 #7 - SUBJECT ADDED ENTRY--TOPICAL TERM | |
| Source of heading or term | Librunam |
| Topical term or geographic name as entry element | Historia |
| General subdivision | Aspectos sociales |
| -- | Alegría y tristeza |
| Geographic subdivision | México |
| 651 #7 - SUBJECT ADDED ENTRY--GEOGRAPHIC NAME | |
| Source of heading or term | Librunam |
| Geographic name | México |
| General subdivision | Vida social y costumbres |
| 700 1# - ADDED ENTRY--PERSONAL NAME | |
| Personal name | Gonzalbo Aispuru, Pilar, |
| Relator term | coord. |
| 700 1# - ADDED ENTRY--PERSONAL NAME | |
| Personal name | Zárate Toscano, Verónica, |
| Relator term | coord. |
| 942 ## - ADDED ENTRY ELEMENTS (KOHA) | |
| Source of classification or shelving scheme | Biblioteca del Cogreso de los Estados Unidos |
| Koha item type | Libro |
| Estado de pérdida | Fuente de clasificación | Estado del daño | No para préstamo | Ubicación permanente | Ubicación actual | Apartado o colección | Fecha de adquisición | Fuente de adquisición | Edición | Dependencia de educación superior (DES) | Área del conocimiento | Clasificación | Código de Barras | Date last seen | Número de copia | Tipo de recurso |
|---|---|---|---|---|---|---|---|---|---|---|---|---|---|---|---|---|
| Biblioteca del Cogreso de los Estados Unidos | Biblioteca del Instituto de Investigaciones Históricas | Biblioteca del Instituto de Investigaciones Históricas | General | 31/03/2017 | Proyecto de Investigación | 1a ed. | Humanidades | Educación y Humanidades | BF575 .H27 G69 2007 | IIH000001209 | 31/03/2017 | C:1 | Libro |